| 000 | 00610nam a22001937a 4500 | ||
|---|---|---|---|
| 999 |
_c173286 _d173286 |
||
| 005 | 20200221122759.0 | ||
| 010 | _aENG-127875 | ||
| 020 |
_a9789380847627 _c895.00 |
||
| 035 | _aEN-111407 | ||
| 037 | _bDBAD/PUB | ||
| 082 | _a327.540547 | ||
| 100 | _aTrivedi,B.C | ||
| 245 |
_aIndia Pakistan Relations Recents Trends/ _cby B.C. Trivedi |
||
| 260 |
_aNew Delhi _bAnurag Prakashan _c2019 |
||
| 270 |
_a4760-61,IInd Floor, 23,Ansari Road, Drayaganj _bNew Delhi _e110002 |
||
| 300 |
_avii;196p. _c23cm (hb) |
||
| 500 | _aIncludes Bibliography and Index | ||
| 942 |
_2ddc _cEN _h327.540547 _mTRI |
||